Introduction to statistics (Record no. 3758)

MARC details
000 -LEADER
fixed length control field 00460nam a22001577i 4500
050 14 - LIBRARY OF CONGRESS CALL NUMBER
Classification number QA 276.12
Item number F31
100 1# - MAIN ENTRY--PERSONAL NAME
Personal name Febre, Francisco Jr A.
245 ## - TITLE STATEMENT
Title Introduction to statistics
Statement of responsibility, etc. Francisco A. Febre Jr.
264 #1 - PRODUCTION, PUBLICATION, DISTRIBUTION, MANUFACTURE, AND COPYRIGHT NOTICE
Place of production, publication, distribution, manufacture Quezon City:
Name of producer, publisher, distributor, manufacturer Phoenix Publishing,
Date of production, publication, distribution, manufacture, or copyright notice 1987.
300 ## - PHYSICAL DESCRIPTION
Extent vii, 211 pages;
Dimensions 26 cm.
336 ## - CONTENT TYPE
Content type term text
Content type code txt
Source rdacontent
337 ## - MEDIA TYPE
Media type term unmediated
Media type code n
Source rdamedia
338 ## - CARRIER TYPE
Carrier type term volume
Carrier type code nc
Source rdacarrier
650 ## - SUBJECT ADDED ENTRY--TOPICAL TERM
Topical term or geographic name entry element 1.Statistics. I.Title
942 ## - ADDED ENTRY ELEMENTS (KOHA)
Koha item type Filipiniana
Holdings
Withdrawn status Source of classification or shelving scheme Damaged status Not for loan Collection code Home library Current library Shelving location Date acquired Total Checkouts Full call number Barcode Date last seen Price effective from Koha item type
  Library of Congress Classification     Non-fiction Binangonan College Library Binangonan College Library Filipiniana Section 06/07/2023   QA 276.12 F31 URSBIN-210 02/18/2016 09/11/2019 Filipiniana
  Library of Congress Classification     Non-fiction Binangonan College Library Binangonan College Library Filipiniana Section 06/07/2023   QA 276.12 F31 URSBIN-211 05/05/2016 05/05/2016 Filipiniana
  Library of Congress Classification     Non-fiction Binangonan College Library Binangonan College Library Filipiniana Section 06/07/2023   QA 276.12 F31 URSBIN-212 05/05/2016 05/05/2016 Filipiniana

University of Rizal System
Email us at univlibservices@urs.edu.ph

Visit our Website www.urs.edu.ph/library